01369nam a2200265 a 450000100100000000500170001000800410002704000250006808200200009310000340011324500500014726000360019730000210023350000740025459000260032865000270035465000310038191000370041295201320044995201320058195201320071395201180084595201230096399900170108600002509020240530073919.0110210s2012 dr 001 f spa d aDO-SdBNPbspacBNPHU aRD863.44bG551e1 aGoede, Johanna,d1955-95148213aEl enigma de los pergaminos /cJohanna Goede. aSanto Domingo :bBúho,c2012. a258 p. ;c22 cm. aIncluye datos biográficos de la autora en la solapa de la cubierta. aInventariado, 2109/BT 0aNovela dominicana9223 0aLiteratura dominicana.967 aValidado. Control de calidad EMS 001054708DSaGRbGRcHDd2011-06-10iLF1l0oRD863.44 G551ep25090-30r2020-06-25te.3w2020-06-25yLFDSZPréstamo en sala 001054708DSaGRbGRcHDd2013-05-28iLF1l0oRD863.44 G551ep25090-50r2020-06-25te.4w2020-06-25yLFDSZPréstamo en sala 001054708DSaGRbGRcHDd2013-05-28iLF1l0oRD863.44 G551ep25090-60r2020-06-25te.5w2020-06-25yLFDSZPréstamo en sala 0010718PDaPDbPDcHDd2011-02-10iLF1l0oRD863.44 G551ep25090-10r2020-06-25w2020-06-25yLFPDZNo se presta 0010718PDaPDbPDcHDd2011-05-30iLF1l0oRD863.44 G551ep25090-20r2020-06-25te.2w2020-06-25yLFPDZNo se presta c24583d24583